Latin noun conjugations - Statistics

General Stats
  • This quiz has been taken 24 times
  • The average score is 51 of 80
Answer Stats
Hint Answer % Correct
nomen
84%
rex
84%
Nom. ev. femina
79%
manum
79%
manus
79%
nomen
79%
rege
79%
regem
79%
reges
79%
regis
79%
Gen. ev. feminae
74%
Acc. ev. feminam
74%
manu
74%
manus
74%
manus
74%
nominis
74%
regi
74%
servi
74%
servi
74%
servis
74%
servorum
74%
servum
74%
servus
74%
Abl. ev. femina
68%
Dat. ev. feminae
68%
Nom. mv. feminae
68%
Gen. mv. feminarum
68%
Acc. mv. feminas
68%
Dat. mv. feminis
68%
nomine
68%
nomini
68%
re
68%
reges
68%
regibus
68%
rei
68%
res
68%
servo
68%
genu
63%
genus
63%
manibus
63%
manus
63%
nomina
63%
regibus
63%
regum
63%
rerum
63%
res
63%
servo
63%
servos
63%
Abl. mv. feminis
58%
genu
58%
genu
58%
genu
58%
manibus
58%
nomina
58%
nominibus
58%
nominum
58%
rei
58%
rem
58%
res
58%
servis
58%
manuum
53%
rebus
53%
rebus
53%
dona
47%
dona
47%
doni
47%
donis
47%
dono
47%
dono
47%
donorum
47%
donum
47%
donum
47%
genibus
47%
genibus
47%
genua
47%
genua
47%
genuum
47%
manui
47%
nominibus
47%
donis
42%
No matching quizzes found
Score Distribution
Percent of People with Each Score
Percentile by Number Answered
Your Score History
You have not taken this quiz